[Event "Syre Memorial op 36th"]
[Site "Issy les Moulineaux"]
[Date "2013.05.09"]
[Round "3"]
[White "Lutard, Florian"]
[Black "Croze, Yoann"]
[Result "1-0"]
[WhiteElo "1885"]
[BlackElo "2030"]
[PlyCount "29"]
[EventDate "2013.05.08"]
[EventType "swiss"]
[EventRounds "7"]
[EventCountry "FRA"]
[SourceTitle "EXT 2015"]
[Source "ChessBase"]
[SourceDate "2014.11.20"]
[SourceVersion "1"]
[SourceVersionDate "2014.11.20"]
[SourceQuality "1"]

1. d4 Nf6 2. c4 e6 3. Nf3 d5 4. Nc3 Bb4 5. cxd5 exd5 6. Qa4+ Nc6 7. Bg5 Qd6 8. Bxf6 Qxf6 9. Rc1 0-0 10. e3 Qg6 11. h3 Bxc3+ 12. bxc3 Ne7 13. Qd1 Re8 14. Bd3 Qxg2 15. Rh2 1-0

[Event "Syre Memorial op 35th"]
[Site "Issy les Moulineaux"]
[Date "2012.05.19"]
[Round "4"]
[White "Laplanche, Denis"]
[Black "Croze, Yoann"]
[Result "1-0"]
[WhiteElo "2196"]
[BlackElo "2016"]
[PlyCount "89"]
[EventDate "2012.05.17"]
[EventType "swiss"]
[EventRounds "6"]
[EventCountry "FRA"]
[SourceTitle "EXT 2015"]
[Source "ChessBase"]
[SourceDate "2014.11.20"]
[SourceVersion "1"]
[SourceVersionDate "2014.11.20"]
[SourceQuality "1"]

1. d4 Nf6 2. c4 e6 3. Nf3 Bb4+ 4. Bd2 Bxd2+ 5. Qxd2 0-0 6. Nc3 d5 7. e3 b6 8. cxd5 exd5 9. Bd3 Ba6 10. 0-0 Bxd3 11. Qxd3 Qe7 12. Rac1 Nbd7 13. Rfd1 c6 14. a3 a5 15. Rc2 Rfc8 16. Rdc1 h6 17. h3 Ne4 18. Nxd5 Qe8 19. Nc3 Nxc3 20. Rxc3 c5 21. Qb5 cxd4 22. Nxd4 Rxc3 23. Rxc3 Rc8 24. Rxc8 Qxc8 25. Nc6 Qc7 26. Ne7+ Kf8 27. Nd5 Qd6 28. e4 Nf6 29. Qxb6 Qxb6 30. Nxb6 Nxe4 31. Kf1 Ke7 32. Ke2 Kd6 33. Nc4+ Kc5 34. Nxa5 Kb5 35. Nb3 Ka4 36. Nd2 Nf6 37. Kd3 Nd5 38. g3 Ne7 39. Ke4 f6 40. f4 g6 41. g4 f5+ 42. Ke5 fxg4 43. hxg4 h5 44. f5 gxf5 45. gxh5 1-0

[Event "Syre Memorial op 35th"]
[Site "Issy les Moulineaux"]
[Date "2012.05.17"]
[Round "2"]
[White "Daurelle, Herve"]
[Black "Croze, Yoann"]
[Result "1/2-1/2"]
[WhiteElo "2207"]
[BlackElo "2016"]
[PlyCount "37"]
[EventDate "2012.05.17"]
[EventType "swiss"]
[EventRounds "6"]
[EventCountry "FRA"]
[SourceTitle "EXT 2015"]
[Source "ChessBase"]
[SourceDate "2014.11.20"]
[SourceVersion "1"]
[SourceVersionDate "2014.11.20"]
[SourceQuality "1"]

1. e4 e5 2. d4 exd4 3. Nf3 Bb4+ 4. c3 dxc3 5. bxc3 Bc5 6. Bc4 d5 7. exd5 Qe7+ 8. Be2 Nf6 9. 0-0 0-0 10. Bg5 Bg4 11. Nbd2 Nbd7 12. h3 Bh5 13. Re1 Qd6 14. c4 Rfe8 15. Qc2 Bg6 16. Bd3 Rxe1+ 17. Rxe1 Bxd3 18. Qxd3 Qb6 19. Bh4 1/2-1/2

[Event "Syre Memorial op 29th"]
[Site "Issy les Moulineaux"]
[Date "2006.05.28"]
[Round "6"]
[White "Croze, Yoann"]
[Black "Ferreira, Hernani"]
[Result "1-0"]
[WhiteElo "1973"]
[BlackElo "1710"]
[PlyCount "42"]
[EventDate "2006.05.25"]
[EventType "swiss"]
[EventRounds "6"]
[EventCountry "FRA"]
[SourceTitle "EXT 2007"]
[Source "ChessBase"]
[SourceDate "2006.11.23"]
[SourceVersion "1"]
[SourceVersionDate "2006.11.23"]
[SourceQuality "1"]

1. e4 c5 2. Nf3 d6 3. d4 cxd4 4. Nxd4 Nf6 5. Nc3 a6 6. Bg5 e6 7. f4 Nbd7 8. Qf3 Be7 9. 0-0-0 0-0 10. g4 Qc7 11. Bxf6 Bxf6 12. g5 Be7 13. h4 b5 14. h5 Bb7 15. g6 h6 16. gxf7+ Rxf7 17. Nxe6 Qc6 18. Rg1 Re8 19. Rd2 Nf8 20. Qg4 Nxe6 21. Qxe6 Qc5 1-0